[Event "SVK-chT2C 2223"]
[Site "Slovakia"]
[Date "2023.03.25"]
[Round "10.5"]
[White "Ambrozi, Peter"]
[Black "Tropp, Frantisek"]
[Result "1/2-1/2"]
[WhiteElo "1985"]
[BlackElo "2079"]
[PlyCount "96"]
[EventDate "2022.10.08"]
[EventType "team-tourn"]
[EventRounds "11"]
[EventCountry "SVK"]
[SourceTitle "EXT 2024"]
[Source "ChessBase"]
[SourceDate "2023.10.10"]
[SourceVersion "1"]
[SourceVersionDate "2023.10.10"]
[SourceQuality "1"]
[WhiteTeam "Rajecke Teplice"]
[BlackTeam "Liptov Chess School III"]
[WhiteTeamCountry "SVK"]
[BlackTeamCountry "SVK"]

1. d4 Nf6 2. Nf3 d5 3. c4 e6 4. g3 Be7 5. Bg2 0-0 6. 0-0 Nbd7 7. Qc2 c6 8. b3 b6 9. Nc3 Ba6 10. Nd2 Rc8 11. a4 Bb4 12. e4 e5 13. dxe5 Nxe5 14. exd5 cxd5 15. Rd1 dxc4 16. Nxc4 Qe7 17. Nb5 Bb7 18. Qe2 Bxg2 19. Qxe5 Qxe5 20. Nxe5 Bd5 21. Bg5 a6 22. Bxf6 Bxb3 23. Rdb1 gxf6 24. Rxb3 fxe5 25. Rxb4 axb5 26. Rxb5 Rc6 27. Rxe5 Ra8 28. Rf5 Ra5 29. Rxa5 bxa5 30. Ra2 Rc4 31. f4 Kg7 32. Kf2 f5 33. Ke3 Kg6 34. Kd3 Rb4 35. Ke3 h6 36. Ra3 Kf6 37. h3 h5 38. Kf3 Kg6 39. g4 hxg4+ 40. hxg4 fxg4+ 41. Kxg4 Kf6 42. Rc3 Rxa4 43. Rc6+ Kf7 44. Kf5 Ra1 45. Rc7+ Ke8 46. Kf6 a4 47. f5 a3 48. Ra7 a2 1/2-1/2

[Event "SVK-chT2C 2223"]
[Site "Slovakia"]
[Date "2023.01.15"]
[Round "7.2"]
[White "Ambrozi, Peter"]
[Black "Lisko, Frantisek"]
[Result "1/2-1/2"]
[WhiteElo "1985"]
[BlackElo "2180"]
[PlyCount "120"]
[EventDate "2022.10.08"]
[EventType "team-tourn"]
[EventRounds "11"]
[EventCountry "SVK"]
[SourceTitle "EXT 2024"]
[Source "ChessBase"]
[SourceDate "2023.10.10"]
[SourceVersion "1"]
[SourceVersionDate "2023.10.10"]
[SourceQuality "1"]
[WhiteTeam "Rajecke Teplice"]
[BlackTeam "Zilina Mladost III"]
[WhiteTeamCountry "SVK"]
[BlackTeamCountry "SVK"]

1. d4 Nf6 2. Nf3 c5 3. c3 e6 4. Bf4 Nc6 5. e3 d5 6. Nbd2 Be7 7. h3 0-0 8. Bd3 b6 9. 0-0 Bb7 10. Ne5 Ne8 11. Nxc6 Bxc6 12. Nf3 Nd6 13. Qc2 h6 14. Qe2 c4 15. Bc2 b5 16. Ne5 Be8 17. f3 h5 18. g4 h4 19. Qg2 g5 20. Bh2 f6 21. Ng6 Bxg6 22. Bxg6 f5 23. Be5 a5 24. e4 dxe4 25. fxe4 f4 26. Bxd6 Qxd6 27. e5 Qb6 28. Bc2 Ra7 29. Qe4 Bd8 30. a3 Rg7 31. Kg2 Kh8 32. Bd1 Bc7 33. Bf3 Rb8 34. Rfb1 b4 35. axb4 axb4 36. Ra8 Rxa8 37. Qxa8+ Rg8 38. Qe4 Kg7 39. d5 exd5 40. Qf5 Qg6 41. Qd7+ Kh6 42. Re1 Bb6 43. Qf5 bxc3 44. bxc3 Be3 45. Bxd5 Rd8 46. Rd1 Qg7 47. Qf6+ Qxf6 48. exf6 Rd6 49. f7 Kg7 50. Kf3 Rd8 51. Ke4 Kf6 52. Ra1 Kg7 53. Bxc4 Rc8 54. Bd5 Rxc3 55. Ra8 Bc5 56. Kf5 Bf8 57. Ra6 Rc5 58. Ke6 Rc7 59. Kf5 Rc5 60. Ke6 Rc7 1/2-1/2

[Event "SVK-chT2C 2223"]
[Site "Slovakia"]
[Date "2022.11.13"]
[Round "4.2"]
[White "Durnik, Stefan"]
[Black "Ambrozi, Peter"]
[Result "0-1"]
[WhiteElo "2086"]
[BlackElo "2013"]
[PlyCount "98"]
[EventDate "2022.10.08"]
[EventType "team-tourn"]
[EventRounds "11"]
[EventCountry "SVK"]
[SourceTitle "EXT 2024"]
[Source "ChessBase"]
[SourceDate "2023.10.10"]
[SourceVersion "1"]
[SourceVersionDate "2023.10.10"]
[SourceQuality "1"]
[WhiteTeam "Martin Medea"]
[BlackTeam "Rajecke Teplice"]
[WhiteTeamCountry "SVK"]
[BlackTeamCountry "SVK"]

1. e4 c5 2. Nf3 Nc6 3. Bb5 e6 4. Nc3 Nge7 5. a4 Ng6 6. 0-0 Be7 7. d4 cxd4 8. Nxd4 0-0 9. Kh1 Nxd4 10. Qxd4 Bf6 11. Qd3 a6 12. Bc4 Ne5 13. Qe2 Nxc4 14. Qxc4 Qa5 15. Bd2 Qb6 16. a5 Qc6 17. Qd3 b5 18. axb6 Qxb6 19. f4 Bb7 20. e5 Qc6 21. Qe2 Be7 22. Rf3 f5 23. Rh3 a5 24. b3 Bb4 25. Rc1 Rac8 26. Nb1 Qe4 27. Qxe4 Bxe4 28. c3 Be7 29. c4 a4 30. bxa4 Bxb1 31. Rxb1 Rxc4 32. Rd3 Rd8 33. a5 Ra4 34. g3 d5 35. exd6 Rxd6 36. Rxd6 Bxd6 37. Rb6 Rd4 38. Bc3 Rd3 39. Bb2 Bc7 40. Rb7 Bxa5 41. Rxg7+ Kf8 42. Rxh7 Rd1+ 43. Kg2 Rd2+ 44. Kf3 Rxb2 45. h3 Rb3+ 46. Kg2 Be1 47. g4 fxg4 48. hxg4 Bd2 49. f5 e5 0-1

[Event "Liptovsky Jan op"]
[Site "Liptovsky Jan"]
[Date "2022.06.26"]
[Round "6"]
[White "Verba, Vladimir"]
[Black "Ambrozi, Peter"]
[Result "1-0"]
[WhiteElo "1782"]
[BlackElo "2019"]
[PlyCount "63"]
[EventDate "2022.06.23"]
[EventType "swiss"]
[EventRounds "7"]
[EventCountry "SVK"]
[SourceTitle "CBM 209 Extra"]
[Source "ChessBase"]
[SourceDate "2022.09.30"]
[SourceVersion "1"]
[SourceVersionDate "2022.09.30"]
[SourceQuality "1"]

1. e4 c5 2. Nc3 Nc6 3. g3 g6 4. Bg2 Bg7 5. f4 d6 6. d3 e6 7. Nf3 Nge7 8. 0-0 0-0 9. Be3 Nd4 10. e5 Nef5 11. Bf2 Nxf3+ 12. Qxf3 Nd4 13. Qd1 dxe5 14. fxe5 Rb8 15. Ne4 b6 16. Nf6+ Kh8 17. c3 Nf5 18. g4 Ne7 19. Bh4 h6 20. Be4 Bb7 21. Qf3 Bxe4 22. dxe4 Qc7 23. Rad1 Rbd8 24. g5 Rxd1 25. Rxd1 Rd8 26. Rd6 Rxd6 27. exd6 Qxd6 28. Ne8 Qe5 29. gxh6 g5 30. hxg7+ Kg8 31. Qh5 Ng6 32. Bxg5 1-0

[Event "Liptovsky Jan op"]
[Site "Liptovsky Jan"]
[Date "2022.06.25"]
[Round "4.15"]
[White "Mirowska, Oliwia"]
[Black "Ambrozi, Peter"]
[Result "1-0"]
[WhiteElo "1746"]
[BlackElo "2019"]
[PlyCount "61"]
[EventDate "2022.06.23"]
[EventType "swiss"]
[EventRounds "7"]
[EventCountry "SVK"]
[SourceTitle "CBM 209 Extra"]
[Source "ChessBase"]
[SourceDate "2022.09.30"]
[SourceVersion "1"]
[SourceVersionDate "2022.09.30"]
[SourceQuality "1"]

1. d4 c5 2. d5 Nf6 3. Nc3 g6 4. e4 d6 5. Be2 Bg7 6. Be3 0-0 7. f4 e6 8. dxe6 Bxe6 9. Qd2 Qb6 10. Rb1 Rd8 11. Bf3 Nc6 12. Nge2 a6 13. h3 Qc7 14. Nd5 Bxd5 15. exd5 Ne7 16. g4 Re8 17. 0-0 Nfxd5 18. Bf2 Nb4 19. c3 Nbc6 20. Ng3 Rad8 21. Bg2 f5 22. gxf5 Nxf5 23. Nxf5 gxf5 24. Bh4 Ne7 25. Bd5+ Kh8 26. Rbe1 Nxd5 27. Bxd8 Qxd8 28. Rxe8+ Qxe8 29. Qxd5 Qe3+ 30. Kg2 Bh6 31. Qxf5 1-0

[Event "Liptovsky Jan op"]
[Site "Liptovsky Jan"]
[Date "2022.06.23"]
[Round "1.18"]
[White "Ambrozi, Peter"]
[Black "Koren, Juraj"]
[Result "1-0"]
[WhiteElo "2019"]
[BlackElo "1516"]
[PlyCount "97"]
[EventDate "2022.06.23"]
[EventType "swiss"]
[EventRounds "7"]
[EventCountry "SVK"]
[SourceTitle "CBM 209 Extra"]
[Source "ChessBase"]
[SourceDate "2022.09.30"]
[SourceVersion "1"]
[SourceVersionDate "2022.09.30"]
[SourceQuality "1"]

1. Nf3 d5 2. d4 g6 3. c4 c6 4. cxd5 cxd5 5. Nc3 Bg7 6. g3 Nf6 7. Bg2 0-0 8. 0-0 Nc6 9. Ne5 e6 10. Bf4 Nh5 11. Nxc6 bxc6 12. Be3 Nf6 13. Na4 Nd7 14. Rc1 Bb7 15. Qb3 Rb8 16. Bf4 e5 17. dxe5 Bxe5 18. Bxe5 Nxe5 19. Qc3 Re8 20. e3 Ba6 21. Rfd1 Bb5 22. Nc5 Qe7 23. b3 Rb6 24. Rd2 Nd7 25. Nxd7 Qxd7 26. e4 Qe7 27. exd5 cxd5 28. Bxd5 h5 29. Rd4 Rf6 30. Re4 Qd6 31. Rxe8+ Bxe8 32. Rd1 Qb6 33. Qd4 Bb5 34. Qxb6 Rxb6 35. Rc1 Kf8 36. Rc7 Be8 37. Rxa7 g5 38. Bc4 f5 39. Ra5 Bg6 40. Ra6 Rxa6 41. Bxa6 Ke7 42. f4 g4 43. Kf2 Kd6 44. Ke3 Kc5 45. Bc4 Kb4 46. Kd4 Ka3 47. Kc5 Kxa2 48. b4+ Ka3 49. b5 1-0

[Event "SVK-chT2C 2122"]
[Site "Slovakia"]
[Date "2022.05.01"]
[Round "11.7"]
[White "Janik, Marek Tobias"]
[Black "Ambrozi, Peter"]
[Result "0-1"]
[WhiteElo "1840"]
[BlackElo "1994"]
[PlyCount "106"]
[EventDate "2021.10.16"]
[EventType "team-tourn"]
[EventRounds "11"]
[EventCountry "SVK"]
[SourceTitle "EXT 2023"]
[Source "ChessBase"]
[SourceDate "2022.10.05"]
[SourceVersion "1"]
[SourceVersionDate "2022.10.05"]
[SourceQuality "1"]
[WhiteTeam "Liptov Chess School III"]
[BlackTeam "Bziny"]
[WhiteTeamCountry "SVK"]
[BlackTeamCountry "SVK"]

1. c4 e5 2. Nc3 Nc6 3. g3 f5 4. Bg2 Nf6 5. d3 Bc5 6. e3 d6 7. Nge2 0-0 8. 0-0 Qe8 9. d4 Bb6 10. d5 Ne7 11. f4 Ng4 12. Re1 Nxe3 13. Bxe3 Bxe3+ 14. Kh1 Bf2 15. Rf1 Bb6 16. Qd2 e4 17. Nd4 Bxd4 18. Qxd4 Bd7 19. Rad1 b6 20. Rfe1 Qg6 21. b4 a5 22. b5 Qf6 23. Qe3 Rae8 24. a4 Kh8 25. h4 Ng8 26. Bh3 Re7 27. Kg2 Be8 28. Rd2 Bh5 29. Kf1 Qg6 30. Kf2 Nf6 31. Rg1 Bg4 32. Bf1 Nd7 33. Rd4 Nc5 34. Rd2 Qf6 35. Rb2 h6 36. Rh1 Kg8 37. Rb1 Rff7 38. Be2 Bxe2 39. Kxe2 Qg6 40. Rbg1 Qg4+ 41. Kd2 g6 42. Rh2 Rh7 43. Rhh1 Reg7 44. Kc2 Kf7 45. Kd2 g5 46. h5 Qf3 47. Qxf3 exf3 48. Ke3 g4 49. Kd4 Kf6 50. Re1 Re7 51. Rhf1 Rxe1 52. Rxe1 Re7 53. Rxe7 f2 0-1

[Event "SVK-chT2C 2122"]
[Site "Slovakia"]
[Date "2022.03.05"]
[Round "5.4"]
[White "Ambrozi, Peter"]
[Black "Banduka, Zeljko"]
[Result "1-0"]
[WhiteElo "1992"]
[BlackElo "2003"]
[PlyCount "55"]
[EventDate "2021.10.16"]
[EventType "team-tourn"]
[EventRounds "11"]
[EventCountry "SVK"]
[SourceTitle "EXT 2023"]
[Source "ChessBase"]
[SourceDate "2022.10.05"]
[SourceVersion "1"]
[SourceVersionDate "2022.10.05"]
[SourceQuality "1"]
[WhiteTeam "Bziny"]
[BlackTeam "Banska Bystrica Kurta"]
[WhiteTeamCountry "SVK"]
[BlackTeamCountry "SVK"]

1. d4 d5 2. Nf3 c6 3. c4 e6 4. Nc3 Nf6 5. g3 Nbd7 6. Bg2 dxc4 7. e4 Bb4 8. Qc2 0-0 9. 0-0 Qa5 10. e5 Nd5 11. Ng5 g6 12. Nce4 b5 13. Qe2 Be7 14. Qg4 h5 15. Qh3 Kg7 16. g4 h4 17. Qxh4 Rh8 18. Qg3 Nf8 19. Qf3 Bxg5 20. Bxg5 Qc7 21. Nf6 Nh7 22. Nxd5 cxd5 23. Be3 Qe7 24. Qg3 Bd7 25. f4 f6 26. f5 exf5 27. gxf5 Rac8 28. Qxg6+ 1-0

[Event "SVK-chT2C 2122"]
[Site "Slovakia"]
[Date "2022.02.06"]
[Round "4.4"]
[White "Dlabik, Jozef"]
[Black "Ambrozi, Peter"]
[Result "1/2-1/2"]
[WhiteElo "1924"]
[BlackElo "1992"]
[PlyCount "95"]
[EventDate "2021.10.16"]
[EventType "team-tourn"]
[EventRounds "11"]
[EventCountry "SVK"]
[SourceTitle "EXT 2023"]
[Source "ChessBase"]
[SourceDate "2022.10.05"]
[SourceVersion "1"]
[SourceVersionDate "2022.10.05"]
[SourceQuality "1"]
[WhiteTeam "Dunajov III"]
[BlackTeam "Bziny"]
[WhiteTeamCountry "SVK"]
[BlackTeamCountry "SVK"]

1. d4 c5 2. e3 e6 3. Nf3 d5 4. c4 cxd4 5. exd4 Nf6 6. Nc3 Nc6 7. a3 Be7 8. Bd3 0-0 9. 0-0 dxc4 10. Bxc4 a6 11. h3 Qc7 12. Qe2 Rd8 13. Rd1 b5 14. Ba2 b4 15. Ne4 Rb8 16. Bg5 bxa3 17. bxa3 Rb5 18. Rac1 Qb7 19. Qd3 Nxe4 20. Qxe4 Bxg5 21. Nxg5 Rxg5 22. Rxc6 Bd7 23. Rxe6 Qxe4 24. Rxe4 Bxh3 25. g3 Ra5 26. Re3 Bg4 27. Rc1 Kf8 28. Rc7 Bh5 29. d5 f6 30. Ree7 Rxa3 31. Bc4 Rc3 32. Bxa6 Rxc7 33. Rxc7 Rxd5 34. Bb7 Re5 35. Kg2 Re7 36. Rc8+ Kf7 37. Bd5+ Kg6 38. f3 Kh6 39. g4 Bg6 40. Kg3 Bd3 41. Rc3 Ba6 42. Ra3 Bb5 43. Ra5 Be8 44. Be4 g6 45. Kf4 Kg7 46. Ra1 Rc7 47. Rb1 Bd7 48. Ra1 1/2-1/2

[Event "SVK-chT2C 2122"]
[Site "Slovakia"]
[Date "2022.02.05"]
[Round "3.4"]
[White "Ambrozi, Peter"]
[Black "Baleja, Marian"]
[Result "1/2-1/2"]
[WhiteElo "1992"]
[BlackElo "1946"]
[PlyCount "106"]
[EventDate "2021.10.16"]
[EventType "team-tourn"]
[EventRounds "11"]
[EventCountry "SVK"]
[SourceTitle "EXT 2023"]
[Source "ChessBase"]
[SourceDate "2022.10.05"]
[SourceVersion "1"]
[SourceVersionDate "2022.10.05"]
[SourceQuality "1"]
[WhiteTeam "Bziny"]
[BlackTeam "Martin Medea"]
[WhiteTeamCountry "SVK"]
[BlackTeamCountry "SVK"]

1. d4 d5 2. Nf3 Nf6 3. g3 e6 4. Bg2 Bb4+ 5. c3 Be7 6. 0-0 0-0 7. c4 b6 8. Nc3 Bb7 9. Ne5 Nbd7 10. Bf4 c6 11. cxd5 cxd5 12. Rc1 Nxe5 13. Bxe5 Qd7 14. Qb3 Ba6 15. Rfe1 Rac8 16. e4 Bc4 17. Qd1 dxe4 18. Nxe4 Nxe4 19. Bxe4 Bd5 20. Bxd5 Qxd5 21. Qb3 Qxb3 22. axb3 Bb4 23. Red1 Rfd8 24. Rc4 a5 25. Bc7 Rd5 26. Bxb6 Rb8 27. Ba7 Rbd8 28. Rdc1 g6 29. Rc7 R8d7 30. Kf1 Rxc7 31. Rxc7 Rb5 32. Rc8+ Kg7 33. Ke2 Rb7 34. Bb8 Be7 35. Be5+ Bf6 36. Rb8 Rxb8 37. Bxb8 Bxd4 38. Bc7 Bxb2 39. Bxa5 Bd4 40. f3 Kf6 41. Kd3 Bg1 42. h3 Ke5 43. Bc7+ Kd5 44. g4 f5 45. Bd8 Kc5 46. Be7+ Kd5 47. Bg5 e5 48. gxf5 gxf5 49. Bd8 e4+ 50. fxe4+ fxe4+ 51. Ke2 Bc5 52. Bg5 Kc6 53. Kd2 Kd5 1/2-1/2

[Event "SVK-ch Amateurs"]
[Site "Topolcany"]
[Date "2021.08.07"]
[Round "3"]
[White "Ambrozi, Peter"]
[Black "Mikus, Peter"]
[Result "1/2-1/2"]
[WhiteElo "1935"]
[BlackElo "1703"]
[PlyCount "53"]
[EventDate "2021.08.06"]
[EventType "swiss"]
[EventRounds "7"]
[EventCountry "SVK"]
[SourceTitle "EXT 2022"]
[Source "ChessBase"]
[SourceDate "2021.10.06"]
[SourceVersion "1"]
[SourceVersionDate "2021.10.06"]
[SourceQuality "1"]

1. Nf3 Nf6 2. d4 d5 3. g3 Bg4 4. Bg2 c6 5. Ne5 Bf5 6. c4 e6 7. Nc3 Nbd7 8. cxd5 exd5 9. Qb3 Qb6 10. Nxd7 Nxd7 11. Qxb6 axb6 12. 0-0 Bd6 13. e4 dxe4 14. Nxe4 Bxe4 15. Bxe4 Nf6 16. Bf3 0-0 17. Bg5 Nd7 18. Rfe1 Rfe8 19. a3 h6 20. Be3 b5 21. Rec1 Nf6 22. Rc2 Red8 23. Rd1 b4 24. axb4 Bxb4 25. Rd3 Rd7 26. Rb3 Be7 27. Kg2 1/2-1/2

[Event "SVK-ch op"]
[Site "Ruzomberok"]
[Date "2019.07.04"]
[Round "6"]
[White "Mc Aleenan, Charles"]
[Black "Ambrozi, Peter"]
[Result "0-1"]
[WhiteElo "1746"]
[BlackElo "1888"]
[PlyCount "106"]
[EventDate "2019.06.29"]
[EventType "swiss"]
[EventRounds "9"]
[EventCountry "SVK"]
[SourceTitle "CBM 191 Extra"]
[Source "ChessBase"]
[SourceDate "2019.09.30"]
[SourceVersion "1"]
[SourceVersionDate "2019.09.30"]
[SourceQuality "1"]

1. d4 d5 2. Bg5 h6 3. Bh4 c6 4. Nf3 Qb6 5. Qc1 Bf5 6. e3 e6 7. Be2 Be7 8. Bg3 Nf6 9. Nbd2 Nbd7 10. h3 0-0 11. 0-0 Rac8 12. a4 a5 13. Ne5 Nxe5 14. Bxe5 Nd7 15. Bh2 Rfd8 16. Nf3 Bf6 17. Rd1 c5 18. c3 c4 19. Rd2 Qc6 20. Bd1 Be7 21. Ne5 Nxe5 22. Bxe5 Bd6 23. Bxd6 Rxd6 24. Bc2 Bxc2 25. Qxc2 Rb8 26. f4 b5 27. axb5 Rxb5 28. Re1 f5 29. Qa4 Qb7 30. Ree2 Rdb6 31. Qa2 Kf7 32. Kh2 Qa7 33. Qa4 Qe7 34. Qd1 Rb3 35. Qa1 Ra6 36. Qa4 Qe8 37. Qxe8+ Kxe8 38. Re1 Rab6 39. Ree2 a4 40. g4 g6 41. gxf5 exf5 42. Kg3 a3 43. bxa3 Rxa3 44. Ra2 Rxc3 45. Ra8+ Ke7 46. Ra7+ Ke6 47. Kf3 Rcb3 48. Rh7 Kf6 49. Ra2 Re6 50. Ra8 Rbxe3+ 51. Kf2 Re8 52. Ra6+ R3e6 53. Raa7 R8e7 0-1

[Event "SVK-ch op"]
[Site "Ruzomberok"]
[Date "2019.07.03"]
[Round "5"]
[White "Hros, Roman"]
[Black "Ambrozi, Peter"]
[Result "1-0"]
[WhiteElo "2195"]
[BlackElo "1888"]
[PlyCount "99"]
[EventDate "2019.06.29"]
[EventType "swiss"]
[EventRounds "9"]
[EventCountry "SVK"]
[SourceTitle "CBM 191 Extra"]
[Source "ChessBase"]
[SourceDate "2019.09.30"]
[SourceVersion "1"]
[SourceVersionDate "2019.09.30"]
[SourceQuality "1"]

1. e4 c5 2. Be2 Nc6 3. f4 g6 4. Nf3 Bg7 5. d3 d6 6. 0-0 Nf6 7. c3 c4 8. Kh1 cxd3 9. Bxd3 0-0 10. Be3 e5 11. fxe5 Ng4 12. Bg1 Ncxe5 13. Be2 Nxf3 14. Bxf3 Ne5 15. Be2 Be6 16. Nd2 Qh4 17. Qe1 Qxe1 18. Rfxe1 Rfd8 19. Red1 Kf8 20. h3 Ke7 21. Nf1 Bh6 22. Ne3 Bxe3 23. Bxe3 b6 24. a4 Nc4 25. Bxc4 Bxc4 26. Rd4 Be6 27. a5 b5 28. Rad1 Rac8 29. e5 Rd7 30. exd6+ Ke8 31. Bg5 Rc5 32. Be7 a6 33. Rh4 h5 34. g4 Rc4 35. gxh5 Rxh4 36. Bxh4 gxh5 37. Kh2 Rb7 38. Rd4 Kd7 39. Be7 b4 40. cxb4 Rb5 41. Kg3 Re5 42. Rd3 Rb5 43. Rd4 Re5 44. Kf4 Re2 45. b5 Rxb2 46. b6 Rb5 47. h4 Rxa5 48. Rb4 Rb5 49. Rxb5 axb5 50. b7 1-0

[Event "Prague op-B 18th"]
[Site "Prague"]
[Date "2019.01.12"]
[Round "2"]
[White "Kuhnmund, Ivan"]
[Black "Ambrozi, Peter"]
[Result "0-1"]
[WhiteElo "1650"]
[BlackElo "1976"]
[PlyCount "44"]
[EventDate "2019.01.11"]
[EventType "swiss"]
[EventRounds "9"]
[EventCountry "CZE"]
[SourceTitle "CBM 188 Extra"]
[Source "ChessBase"]
[SourceDate "2019.02.26"]
[SourceVersion "1"]
[SourceVersionDate "2019.02.26"]
[SourceQuality "1"]

1. e4 c5 2. g3 Nc6 3. Bg2 g6 4. c3 e5 5. Ne2 Bg7 6. 0-0 Nge7 7. a4 0-0 8. Na3 d5 9. exd5 Nxd5 10. d3 Be6 11. Nc4 Qd7 12. Ne3 Rad8 13. Qc2 b6 14. Rd1 Nde7 15. b3 Na5 16. Rb1 f5 17. b4 cxb4 18. cxb4 Rc8 19. Qb2 Nb3 20. Qa3 Nxc1 21. Rbxc1 f4 22. Rxc8 Nxc8 0-1

[Event "SVK-chT2C 1718"]
[Site "Slovakia"]
[Date "2018.03.17"]
[Round "10.4"]
[White "Ambrozi, Peter"]
[Black "Staffen, Richard"]
[Result "1/2-1/2"]
[WhiteElo "1942"]
[BlackElo "2029"]
[PlyCount "61"]
[EventDate "2017.10.28"]
[EventType "team-tourn"]
[EventRounds "11"]
[EventCountry "SVK"]
[SourceTitle "EXT 2020"]
[Source "ChessBase"]
[SourceDate "2019.10.17"]
[SourceVersion "1"]
[SourceVersionDate "2019.10.17"]
[SourceQuality "1"]
[WhiteTeam "Bziny"]
[BlackTeam "Zilina Mladost II"]
[WhiteTeamCountry "SVK"]
[BlackTeamCountry "SVK"]

1. d4 d5 2. c4 c6 3. Nc3 Nf6 4. e3 e6 5. Nf3 Be7 6. b3 0-0 7. Be2 Qa5 8. Bd2 Qc7 9. 0-0 b6 10. cxd5 exd5 11. Qc2 Bb7 12. a3 a5 13. Rfc1 Nbd7 14. Ng5 Qd6 15. b4 h6 16. Nf3 axb4 17. axb4 b5 18. Qf5 Nb6 19. Ne5 Nc4 20. Nxc4 dxc4 21. Bf3 Bc8 22. Qc5 Qxc5 23. dxc5 Bd7 24. e4 Ng4 25. Bf4 Bf6 26. Bxg4 Rxa1 27. Rxa1 Bxc3 28. Rc1 Bxg4 29. Rxc3 Ra8 30. Rc1 Be2 31. Bd2 1/2-1/2

[Event "SVK-chT2C 1718"]
[Site "Slovakia"]
[Date "2018.02.04"]
[Round "7.8"]
[White "Ambrozi, Peter"]
[Black "Janik, Marek Tobias"]
[Result "1-0"]
[WhiteElo "1957"]
[BlackElo "1577"]
[PlyCount "111"]
[EventDate "2017.10.28"]
[EventType "team-tourn"]
[EventRounds "11"]
[EventCountry "SVK"]
[SourceTitle "EXT 2019"]
[Source "ChessBase"]
[SourceDate "2018.10.10"]
[SourceVersion "1"]
[SourceVersionDate "2018.10.10"]
[SourceQuality "1"]
[WhiteTeam "Bziny"]
[BlackTeam "Liptov Chess School III"]
[WhiteTeamCountry "SVK"]
[BlackTeamCountry "SVK"]

1. d4 e6 2. c4 d5 3. Nf3 Nf6 4. g3 c5 5. cxd5 Nxd5 6. Bg2 Nc6 7. 0-0 Be7 8. Nc3 0-0 9. Nxd5 Qxd5 10. Be3 cxd4 11. Nxd4 Qd7 12. Nxc6 bxc6 13. Rc1 Rb8 14. Qc2 Bb7 15. Rfd1 Qe8 16. b3 Rc8 17. Bxa7 Ba3 18. Rb1 Qe7 19. Be3 c5 20. Bxb7 Qxb7 21. Rd3 Rc7 22. Rc3 Rfc8 23. Rd1 Bb4 24. Rcd3 f6 25. Rd8+ Rxd8 26. Rxd8+ Kf7 27. Qxh7 Rd7 28. Qh5+ Ke7 29. Qe8+ Kd6 30. Rxd7+ Qxd7 31. Qxd7+ Kxd7 32. Bc1 Kc6 33. e4 Kd6 34. f4 Bc3 35. Kf2 Bd4+ 36. Be3 Bxe3+ 37. Kxe3 f5 38. Kd3 g6 39. exf5 exf5 40. Kc4 Kc6 41. a4 Kb6 42. Kd5 Ka5 43. Kxc5 Ka6 44. b4 Kb7 45. b5 Ka7 46. a5 Kb7 47. a6+ Ka7 48. Kc6 Ka8 49. b6 Kb8 50. Kd6 Ka8 51. b7+ Kb8 52. Kd7 Ka7 53. Kc7 Kxa6 54. b8Q Ka5 55. Qb3 Ka6 56. Qb6# 1-0

[Event "SVK-chT2C 1718"]
[Site "Slovakia"]
[Date "2017.11.26"]
[Round "4.6"]
[White "Sankova, Stella"]
[Black "Ambrozi, Peter"]
[Result "1/2-1/2"]
[WhiteElo "1953"]
[BlackElo "1957"]
[PlyCount "76"]
[EventDate "2017.10.28"]
[EventType "team-tourn"]
[EventRounds "11"]
[EventCountry "SVK"]
[SourceTitle "CBM 181 Extra"]
[Source "ChessBase"]
[SourceDate "2017.12.12"]
[SourceVersion "1"]
[SourceVersionDate "2017.12.12"]
[SourceQuality "1"]
[WhiteTeam "Zvolen Slavia"]
[BlackTeam "Bziny"]
[WhiteTeamCountry "SVK"]
[BlackTeamCountry "SVK"]

1. e4 c5 2. Nc3 d6 3. f4 g6 4. Nf3 Bg7 5. Bb5+ Bd7 6. a4 a6 7. Bc4 Nc6 8. 0-0 e6 9. d3 Nge7 10. Qe1 Nd4 11. Nxd4 cxd4 12. Ne2 0-0 13. f5 exf5 14. Qh4 Nc6 15. Bg5 Qe8 16. Ng3 f4 17. Rxf4 Be6 18. Bxe6 fxe6 19. Rxf8+ Bxf8 20. e5 d5 21. Bf6 Rc8 22. Qg4 Nb4 23. Nh5 Nxc2 24. Bh4 Qf7 25. Nf6+ Kh8 26. Rc1 Rc6 27. Qf4 Ne3 28. Rxc6 bxc6 29. Nxd5 Nf5 30. Nb6 Qb7 31. Bf6+ Bg7 32. Bxg7+ Kxg7 33. a5 c5 34. g4 Ne3 35. Qf6+ Kh6 36. Qh4+ Kg7 37. Qf6+ Kh6 38. Qh4+ Kg7 1/2-1/2

[Event "Oravska Priehrada op"]
[Site "Namestovo"]
[Date "2017.08.27"]
[Round "5"]
[White "Geleta, Andrej"]
[Black "Ambrozi, Peter"]
[Result "1/2-1/2"]
[WhiteElo "1731"]
[BlackElo "1979"]
[PlyCount "54"]
[EventDate "2017.08.25"]
[EventType "swiss"]
[EventRounds "7"]
[EventCountry "SVK"]
[SourceTitle "CBM 180 Extra"]
[Source "ChessBase"]
[SourceDate "2017.10.06"]
[SourceVersion "1"]
[SourceVersionDate "2017.10.06"]
[SourceQuality "1"]

1. d4 d5 2. Nc3 Nf6 3. Nf3 Bf5 4. Bf4 c6 5. e3 Qb6 6. Qc1 e6 7. Be2 h6 8. h3 Be7 9. 0-0 0-0 10. Na4 Qa5 11. b3 Nbd7 12. Ne5 Nxe5 13. Bxe5 Nd7 14. Bg3 b5 15. Nb2 Qc3 16. Nd1 Qa5 17. a3 Qb6 18. b4 a5 19. c3 Ra7 20. a4 bxa4 21. Rxa4 axb4 22. Rxa7 Qxa7 23. cxb4 Qb6 24. Nb2 Bxb4 25. Nd3 Be7 26. Qb1 Qa7 27. Rc1 Rc8 1/2-1/2

[Event "Oravska Priehrada op"]
[Site "Namestovo"]
[Date "2017.08.27"]
[Round "7"]
[White "Sarocky, Lukas"]
[Black "Ambrozi, Peter"]
[Result "0-1"]
[WhiteElo "1838"]
[BlackElo "1979"]
[PlyCount "88"]
[EventDate "2017.08.25"]
[EventType "swiss"]
[EventRounds "7"]
[EventCountry "SVK"]
[SourceTitle "CBM 180 Extra"]
[Source "ChessBase"]
[SourceDate "2017.10.06"]
[SourceVersion "1"]
[SourceVersionDate "2017.10.06"]
[SourceQuality "1"]

1. e4 e6 2. d4 d5 3. Nc3 dxe4 4. Nxe4 Nd7 5. Bd3 Ngf6 6. Nxf6+ Nxf6 7. Nf3 Be7 8. c3 0-0 9. 0-0 b6 10. Ne5 Bb7 11. f4 c5 12. Be3 Nd5 13. Qe2 Nxe3 14. Qxe3 cxd4 15. cxd4 Qd5 16. Nf3 Bf6 17. Rad1 Qxa2 18. Rd2 Bxf3 19. Rxf3 Rfd8 20. Be4 Rac8 21. Rf1 Qc4 22. Rfd1 g6 23. h3 Qb4 24. Kh2 Rc4 25. b3 Rcxd4 26. Rxd4 Rxd4 27. Rxd4 Qxd4 28. Qf3 a5 29. Bc6 h5 30. g3 Qc3 31. Qxc3 Bxc3 32. g4 hxg4 33. hxg4 f6 34. Kg2 g5 35. fxg5 fxg5 36. Kf3 Kf7 37. Ke4 Ke7 38. Bb5 Kd6 39. Bc4 Bd2 40. Kd4 e5+ 41. Kd3 Bf4 42. Kc3 Kc5 43. Be2 e4 44. Kc2 Kb4 0-1